Stereochemistry (Record no. 10528)
[ view plain ]
| 000 -LEADER | |
|---|---|
| fixed length control field | 00888cam a2200301 4500 |
| 001 - CONTROL NUMBER | |
| control field | 10528 |
| 003 - CONTROL NUMBER IDENTIFIER | |
| rucl marc code | BD-RjUL |
| 005 - DATE AND TIME OF LATEST TRANSACTION | |
| control field | 20211208234954.0 |
| 008 - FIXED-LENGTH DATA ELEMENTS--GENERAL INFORMATION | |
| fixed length control field | 140125s1972 enka b 001 0 eng |
| 020 ## - INTERNATIONAL STANDARD BOOK NUMBER | |
| International Standard Book Number | 0582440394 |
| 035 ## - SYSTEM CONTROL NUMBER | |
| System control number | (BD-RjUL)10576 |
| 040 ## - CATALOGING SOURCE | |
| Original cataloging agency | DLC |
| Transcribing agency | DLC |
| Modifying agency | DLC |
| -- | BD-RjUL |
| Language of cataloging | eng |
| 041 1# - LANGUAGE CODE | |
| Language code of text/sound track or separate title | engita |
| 082 00 - DEWEY DECIMAL CLASSIFICATION NUMBER | |
| Classification number | 541.223 |
| Author mark and year | NAS 1972 |
| 100 1# - MAIN ENTRY--PERSONAL NAME | |
| Personal name | Natta, Giulio. |
| 9 (RLIN) | 32545 |
| 245 00 - TITLE STATEMENT | |
| Title | Stereochemistry |
| Statement of responsibility, etc. | by Giulio Natta and Mario Farina; translated by Andrew Dempster. |
| 260 ## - PUBLICATION, DISTRIBUTION, ETC. (IMPRINT) | |
| Place of publication, distribution, etc. | [London : |
| Name of publisher, distributor, etc. | Longmans, |
| Date of publication, distribution, etc. | 1972. |
| 300 ## - PHYSICAL DESCRIPTION | |
| Pagination | 253 p. : |
| Illustrations | illus. |
| Size | 21 cm. |
| 500 ## - GENERAL NOTE | |
| General note | Translation of Stereochimica. Molecole in 3D. |
| 504 ## - BIBLIOGRAPHY, ETC. NOTE | |
| Bibliography, etc | Includes index. |
| Bibliography, etc | Bibliography: p. 247. |
| 650 #0 - SUBJECT ADDED ENTRY--TOPICAL TERM | |
| Topical term or geographic name as entry element | Stereochemistry. |
| 9 (RLIN) | 31567 |
| 700 1# - ADDED ENTRY--PERSONAL NAME | |
| Personal name | Farina, Mario, |
| Relator term | joint author. |
| 942 ## - ADDED ENTRY ELEMENTS (KOHA) | |
| Source of classification or shelving scheme | Dewey Decimal Classification |
| Koha item type | Books |
| Lost status | Source of classification or shelving scheme | Damaged status | Not for loan | Collection code | Permanent Location | Current Location | Shelving location | Date acquired | Source of acquisition | Cost, normal purchase price | Total Checkouts | Full call number | Date last seen | Copy number | Koha item type |
|---|---|---|---|---|---|---|---|---|---|---|---|---|---|---|---|
| Dewey Decimal Classification | Not For Loan | Non-fiction | Central Library, University of Rajshahi | Central Library, University of Rajshahi | Reading Room | 16/05/1977 | Heffers and Sons. | 2.40 | 541.223 NAS 1972 | 25/01/2014 | C-1 | Books |